000 00726nam a2200289Ia 4500
005 20260324144029.0
008 008 260324s9999 xx 000 0 eng d
020 _a9780203061008
037 _aEBOOK
040 _aCRL
040 _beng
040 _cCRL
041 _2eng
041 _aeng
084 _qCRL
100 _aIan Richard Netton
_91194530
245 0 _aAllah Transcendent
245 0 _bStudies in the Structure and Semiotics of Islamic Philosophy, Theology and Cosmology
260 _bTaylor and Francis
260 _c1989
365 _a
365 _b230
856 _uhttp://www.taylorfrancis.com/books/9780203061008
942 _cEBOOK
999 _c1823938
_d1823938